The tree of desire : a Toraja ritual poem

Bibliographic Details
Published in:To speak in pairs, ed. by James J. Fox, Cambridge, 1988, P. 282-306 (Cambridge studies in oral and literate culture)
Main Authors: Zerner, Charles, Volkman, Toby A.
Content type: Article
Published: 1988
Source:MPIPL_cat
_version_ 1863687004522283011
author Zerner, Charles
author2 Volkman, Toby A.
author2_variant t a v ta tav
author_facet Zerner, Charles
Volkman, Toby A.
author_search Zerner, Charles
Volkman, Toby A.
author_sort Zerner, Charles
author_variant c z cz
collection_details MPIPL
container_reference P. 282-306
container_start_page 282
container_title To speak in pairs : essays on the ritual languages of eastern Indonesia
dedup_id_str MPIPL_cat.PL0052341
dewey-hierarchy 0/[Unassigned]/
dewey-hierarchy_str 0/[Unassigned]/
first_indexed 2026-03-14T00:40:05Z
format 0/Artikel/
format_str 0/Artikel/
fullrecord <?xml version="1.0" encoding="UTF-8"?> <collection xmlns:xsi="http://www.w3.org/2001/XMLSchema-instance" xsi:schemaLocation="http://www.loc.gov/MARC21/slim http://www.loc.gov/standards/marcxml/schema/MARC21slim.xsd" xmlns="http://www.loc.gov/MARC21/slim"> <record> <leader>00000naa a2200000 u 4500</leader> <controlfield tag="001">PL0052341</controlfield> <controlfield tag="003">PLI01000000000000000052074</controlfield> <controlfield tag="005">00000000000000.0</controlfield> <controlfield tag="008"> ||| u </controlfield> <datafield tag="100" ind1="1" ind2=" "> <subfield code="a">Zerner, Charles</subfield> </datafield> <datafield tag="245" ind1="0" ind2="0"> <subfield code="a">The tree of desire</subfield> <subfield code="b">a Toraja ritual poem</subfield> <subfield code="c">Charles Zerner, Toby A. Volkman</subfield> </datafield> <datafield tag="260" ind1=" " ind2=" "> <subfield code="c">1988</subfield> </datafield> <datafield tag="700" ind1="1" ind2=" "> <subfield code="a">Volkman, Toby A.</subfield> </datafield> <datafield tag="952" ind1=" " ind2=" "> <subfield code="j">1988</subfield> <subfield code="h">P. 282-306</subfield> </datafield> <datafield tag="996" ind1=" " ind2=" "> <subfield code="a">Aufsatz</subfield> </datafield> <datafield tag="997" ind1=" " ind2=" "> <subfield code="a">book chapter</subfield> </datafield> <datafield tag="773" ind1="0" ind2="8"> <subfield code="t">To speak in pairs</subfield> <subfield code="a">ed. by James J. Fox</subfield> <subfield code="d">Cambridge, 1988</subfield> <subfield code="g">P. 282-306</subfield> <subfield code="k">Cambridge studies in oral and literate culture</subfield> <subfield code="w">MPIPL_cat.PL0052330</subfield> <subfield code="z">0-521-34332-1</subfield> <subfield code="i">In:</subfield> </datafield> </record> </collection>
hierarchy_parent_id MPIPL_cat.PL0052330
hierarchy_parent_title To speak in pairs : essays on the ritual languages of eastern Indonesia
id MPIPL_cat.PL0052341
illustrated Not Illustrated
institution MPIPL_cat
institution_str MPIPL_cat
isbn 9780521343329
0-521-34332-1
language und
language_str und
last_indexed 2026-04-27T23:41:36Z
local_fields Aufsatz
online false
online_MPIPL_cat false
online_str false
publishDate 1988
publishDate_str 1988
record_format marc
spelling Zerner, Charles
The tree of desire
a Toraja ritual poem
Charles Zerner, Toby A. Volkman
1988
Volkman, Toby A.
To speak in pairs
ed. by James J. Fox
Cambridge, 1988
P. 282-306
Cambridge studies in oral and literate culture
0-521-34332-1
In
spellingShingle Zerner, Charles
The tree of desire : a Toraja ritual poem
title The tree of desire : a Toraja ritual poem
title_full The tree of desire a Toraja ritual poem Charles Zerner, Toby A. Volkman
title_fullStr The tree of desire a Toraja ritual poem Charles Zerner, Toby A. Volkman
title_full_unstemmed The tree of desire a Toraja ritual poem Charles Zerner, Toby A. Volkman
title_search The tree of desire a Toraja ritual poem
title_short The tree of desire
title_sort the tree of desire a toraja ritual poem charles zerner toby a volkman
title_sub a Toraja ritual poem